| 000 | 00644nam a2200133Ia 4500 | ||
|---|---|---|---|
| 008 | 171212s9999 xx 000 0 und d | ||
| 020 | _a9780833034892 | ||
| 100 | _aPerry, Walter L.;Signori, David;Boon, John E. Jr. | ||
| 245 |
_cPerry, Walter L.;Signori, David;Boon, John E. Jr. _aExploring Information Superiority _bA Methodology for Measuring the Quality of Information and Its Impact on Shared Awareness |
||
| 260 |
_bRAND Corporation _c2004 |
||
| 650 | _aCommand and control systems -- United States; Information warfare -- United States | ||
| 650 | _aManagement & Organizational Behavior | ||
| 856 | _uwww.jstor.org/stable/10.7249/mr1467osd | ||
| 999 |
_c352061 _d352061 |
||